| 000 | 00341 a2200133 4500 | ||
|---|---|---|---|
| 001 | 92168 | ||
| 082 | _a297.265 AZI | ||
| 090 |
_c44131 _d44130 |
||
| 100 | _aAziz Ahmad Khan | ||
| 245 | _aAllah ki Azmat aur Quraan ka Nazreya e ilm o science | ||
| 260 |
_aLahore _bAl-Faisal _c1999 |
||
| 300 |
_aviii, 240p. _bPb |
||
| 500 | _aGeneral Book | ||
| 942 |
_aCAE NUST _k297.265 AZI |
||
| 999 |
_c327241 _d327241 |
||